| 000 | 00570nam a2200133 4500 | ||
|---|---|---|---|
| 003 | LK-CoMWRAF | ||
| 005 | 20240131232611.0 | ||
| 008 | 240131b |||||||| |||| 00| 0 eng d | ||
| 040 |
_aLK-CoMWRAF _dLK-CoMWRAF _eLK-CoMWRAF |
||
| 041 |
_asin _aeng |
||
| 245 | _aපළාත් පාලන ආයතන සඳහා පුරවැසි ප්රඥප්තිය පිළිබඳ මාර් ගෝපදේශ = Guide to citizens' charter for local authorities | ||
| 260 |
_aColombo : _bMinistry of local government and provincial councils, _c2007 |
||
| 942 | _cBK | ||
| 999 |
_c4710 _d4710 |
||